| 000 | 00462nam a2200181Ia 4500 | ||
|---|---|---|---|
| 003 | GCL | ||
| 008 | 140319s9999 xx 000 0 eng d | ||
| 040 |
_aGCL / _cGCL |
||
| 082 | 0 | 4 |
_a005.74 _bW D |
| 100 | 1 | _aWERMAN, AARON | |
| 245 | 1 | 0 |
_aDB2 HANDBOOK FOR DBAS / _cWERMAN, AARON |
| 260 |
_a[S.N] : _bMC GRAW - HILL ، _c1992 |
||
| 300 | _a365 P | ||
| 650 | 0 | 4 | _aDATABASE MANAGMENT |
| 650 | 0 | 4 | _aCOMPUTER SYSTEM |
| 650 | 0 | 4 | _aIBM DATA BASE 2 |
| 942 |
_2ddc _cBK |
||
| 999 |
_c20955 _d20955 |
||